| 000 | 00916nam a22002897a 4500 | ||
|---|---|---|---|
| 001 | 8432 | ||
| 003 | FISKH | ||
| 005 | 20250911151543.0 | ||
| 008 | 250911b cb ||||| |||| 00| 0 eng d | ||
| 020 | _a9781509827435 | ||
| 040 |
_aFISKH _beng _cFISKH _dFISKH |
||
| 050 | _aPZ7.H3853 C | ||
| 082 | _a823.92 | ||
| 100 | _aHendra, Sue | ||
| 245 |
_aCake / _cBy Sue Hendra & Paul Linnet |
||
| 250 | _aFirst published 2018 | ||
| 260 |
_aLondon : _bMacmillan Children's Books , _c2018. |
||
| 300 |
_a32 unnumbered pages : _bcolor illustrator ; _c26 cm . |
||
| 505 | _aM | ||
| 520 | _aWhen Cake is invited to his first birthday party, he goes out and buys a new hat so that he will look his very best at the party. | ||
| 521 | 8 |
_a530
_bLexile |
|
| 521 | 8 |
_aM
_bRaz-Plus |
|
| 650 |
_aBirthday _vChildren's Books |
||
| 650 |
_aSilliness _vChildren's Books |
||
| 942 |
_2ddc _cBK _n0 |
||
| 999 |
_c8432 _d8432 |
||